000 00781nam a2200217 a 4500
008 120416s1991 ||||||||||||||||| || u
020 _a053880789x
050 _aHD 62.7 Lon
100 _aMoore, Carlos W
245 1 0 _aSmall business management
246 _aan entrepreneurial emphasis
250 _a8th ed.
260 _aCincinnati
_bCollege Division, South-Western Pub
_c1991
300 _axil, 828p. in various pag : ill.
350 _a0.00
500 _aIncludes bibliographical references and index.
650 0 _aBUSINESS
650 _aSMALL BUSINESS--MANAGEMENT
700 _aLongenecker, Justin Gooderl, 1917-
995 _D0.00
_FCBU-MAIN LIBRARY (Kitwe)
_H1
_I25.75
_M1
_UDAMAGED
_ZMain Library Open Access Collection
999 _c57571
_d57571